Comarques tarragonines - Mort sobtada - Statistics

General Stats
  • This quiz has been taken 13 times
  • The average score is 7 of 10
Answers on the Grid
Answers color-coded by a green-red scale on the quiz's grid according to % correct below.
Alt Camp
Alt Empordà
Alt Penedès
Alt Urgell
Alta Ribagorça
Anoia
Aran
Bages
Baix Camp
Baix Ebre
Baix Empordà
Baix Llobregat
Baix Penedès
Barcelonès
Berguedà
Cerdanya
Conca de Barberà
Garraf
Garrigues
Garrotxa
Gironès
Lluçanès
Maresme
Moianès
Montsià
Noguera
Osona
Pallars Jussà
Pallars Sobirà
Pla d'Urgell
Pla de l'Estany
Priorat
Ribera d'Ebre
Ripollès
Segarra
Segrià
Selva
Solsonès
Tarragonès
Terra Alta
Urgell
Vallès Occidental
Vallès Oriental
 
Answer Stats
Answer % Correct
Baix Camp
100%
Alt Camp
89%
Baix Penedès
89%
Baix Ebre
67%
Conca de Barberà
67%
Montsià
67%
Priorat
67%
Tarragonès
67%
Ribera d'Ebre
56%
Terra Alta
56%
No matching quizzes found
Score Distribution
Percent of People with Each Score
Percentile by Number Answered
Your Score History
You have not taken this quiz